Αποτίμηση της απελευθέρωσης σε είκοσι επιλεγμένα επαγγέλματα

Αποθηκεύτηκε σε:
Λεπτομέρειες βιβλιογραφικής εγγραφής
Άλλοι συγγραφείς: Κώτση, Αγάπη Κ. (modf)
Μορφή: Βιβλίο
Γλώσσα:Greek
Δημοσίευση: Αθήνα : Κέντρο Προγραμματισμού και Οικονομικών Ερευνών, 2016.
Σειρά:Εκθέσεις (Κέντρο Προγραμματισμού και Οικονομικών Ερευνών) 73
Θέματα:
Ετικέτες: Προσθήκη ετικέτας
Δεν υπάρχουν, Καταχωρήστε ετικέτα πρώτοι!

MARC

LEADER 00000cam a2200000 a 4500
001 1/113755
008 170502t2016####gr | ||| |||| ||gre||
020 |a 9789603411130   |q (χαρτόδετο)  
040 |a GR-MyUa  |b gre  |c GR-MyUa  |e AACR2 
041 0 |a gre 
082 7 |a 331.71   |2 (23)  
245 1 0 |a Αποτίμηση της απελευθέρωσης σε είκοσι επιλεγμένα επαγγέλματα /   |c Μελετητική ομάδα ΚΕΠΕ: Αγάπη Κώτση ... [και ά.].  
260 |a Αθήνα :   |b Κέντρο Προγραμματισμού και Οικονομικών Ερευνών,   |c 2016.  
300 |a 318 σ. :   |b διαγρ., πίν. ;   |c 24 εκ.  
504 |a Βιβλιογραφία: σ.315-318.  
650 0 |a Professions  |x Law and legislation  |z Greece. 
700 1 |a Κώτση, Αγάπη Κ.  |e modf 
830 0 |a Εκθέσεις (Κέντρο Προγραμματισμού και Οικονομικών Ερευνών)  |v 73 
852 |a INST  |b CHIOS  |e 20170502  |h 331.71 ΑΠΟ  |p 005200037899  |q 005200037899  |t BK  |y 0 
852 |a INST  |b LESVOS  |e 20180608  |h 331.71 ΑΠΟ  |p 005100060421  |q 005100060421  |t BK  |y 0 
970 |a Σπέντζα  |b Ελένη  |z 02/05/2017